Geography by letter-H #2 - Statistics

General Stats
  • This quiz has been taken 42 times
  • The average score is 7 of 15
Answer Stats
Hint Answer % Correct
Capital of vietnam Hanoi
100%
Capital of Zimbabwe Harare
92%
An American College Harvard
92%
Language in which the Bible was written Hebrew
89%
Third largest lake by volume Huron
87%
To jews its kosher, to muslims Halal
76%
Study of water Hydrology
63%
Swahili phrase meaning "no worries" Hakuna matata
61%
Administrative region of china Hong Kong
34%
Viper common in the Ryukyu islands Habu
3%
A type of homo,found near mauer Heidelbergensis
3%
socially withdrawn person(in Japanese) Hikikomori
3%
A river in alaska, also an adjective Happy river
0%
Peak in montana Heaven's peak
0%
A type of germanic language Hutterite
0%
No matching quizzes found
Score Distribution
Percent of People with Each Score
Percentile by Number Answered
Your Score History
You have not taken this quiz